2005 Movies by Screenshot - Statistics

General Stats
  • This quiz has been taken 914 times
  • The average score is 11 of 16
Answer Stats
Picture Answer % Correct
Harry Potter and the Goblet of Fire
98%
Batman Begins
97%
Madagascar
96%
Star Wars: Episode III - Revenge of the Sith
95%
King Kong
90%
Charlie and the Chocolate Factory
88%
The Chronicles of Narnia: The Lion, the Witch and the Wardrobe
80%
Brokeback Mountain
69%
Mr. & Mrs. Smith
67%
Corpse Bride
63%
V for Vendetta
58%
Pride & Prejudice
52%
Wedding Crashers
49%
War of the Worlds
42%
Hitch
37%
Crash
17%
No matching quizzes found
Score Distribution
Percent of People with Each Score
Percentile by Number Answered
Your Score History
You have not taken this quiz